LEADER 02639oam 2200661I 450 001 9910790752703321 005 20230607225428.0 010 $a1-136-86897-6 010 $a1-138-87894-4 010 $a1-315-02939-1 010 $a1-136-86890-9 024 7 $a10.4324/9781315029399 035 $a(CKB)2550000001167061 035 $a(EBL)1539351 035 $a(OCoLC)869091098 035 $a(SSID)ssj0001172860 035 $a(PQKBManifestationID)12443868 035 $a(PQKBTitleCode)TC0001172860 035 $a(PQKBWorkID)11193720 035 $a(PQKB)11051396 035 $a(MiAaPQ)EBC1539351 035 $a(Au-PeEL)EBL1539351 035 $a(CaPaEBR)ebr11166847 035 $a(CaONFJC)MIL548456 035 $a(OCoLC)863157480 035 $a(OCoLC)1097150813 035 $a(FINmELB)ELB137760 035 $a(EXLCZ)992550000001167061 100 $a20180706d2002 uy 0 101 0 $aeng 135 $aur|n|---||||| 181 $ctxt 182 $cc 183 $acr 200 10$aAdvaita epistemology and metaphysics $ean outline of Indian non-realism /$fChakravarthi Ram-Prasad 210 1$aOxon [England] ;$aNew York :$cRoutledgeCurzon,$d2002. 215 $a1 online resource (431 p.) 300 $aDescription based upon print version of record. 311 $a0-7007-1604-1 311 $a1-306-17205-5 320 $aIncludes bibliographical references and index. 327 $asection 1. Sankara : externality -- section 2. Vacaspati : determinacy -- section 3. Sri Harsa : existence -- section 4. Applying non-realism. 330 $aBased on original translations of passages from the works of three major thinkers of the classical Indian school of Advaita (Sankara, Vacaspati and Sri Harsa), but addressing issues found in Descartes, Berkeley, Hume, Kant, Wittgenstein and contemporary analytic philosophers, this book argues for a philosophical position it calls 'non-realism'. This is the view that an independent, external world must be assumed if the features of cognition are to be explained, but that it cannot be proved that there is such a world, independently of an appeal to cognition itself. This position is constructed 606 $aAdvaita 606 $aKnowledge, Theory of 606 $aMetaphysics 615 0$aAdvaita. 615 0$aKnowledge, Theory of. 615 0$aMetaphysics. 676 $a181.482 700 $aRam-Prasad$b Chakravarthi$01499507 801 0$bMiAaPQ 801 1$bMiAaPQ 801 2$bMiAaPQ 906 $aBOOK 912 $a9910790752703321 996 $aAdvaita epistemology and metaphysics$93864018 997 $aUNINA LEADER 01084nam2 2200313 i 450 001 URB0956079 005 20251003044434.0 010 $a9788828828983 100 $a20220803d2021 ||||0itac50 ba 101 | $aita$cita 102 $ait 181 1$6z01$ai $bxxxe 182 1$6z01$an 183 1$6z01$anc$2RDAcarrier 200 1 $aˆ2: ‰Reato colposo$fdiretto da Massimo Donini 210 $aMilano$cGiuffrè$d2021 215 $aXXXII, 1219 p.$d26 cm 461 1$1001SBT0031376$12001 $aEnciclopedia del diritto. I tematici$v2 500 11$aReato colposo.$3URB0956083$92567472 606 $aReato$2FIR$3CFIC060139$9I 676 $a345$9DIRITTO PENALE$v23 702 1$aDonini$b, Massimo$3RAVV064426 801 3$aIT$bIT-000000$c20220803 850 $aIT-BN0095 $aIT-NA0070 912 $aURB0956079 950 2$aBiblioteca Centralizzata di Ateneo$cv. 1-6$d 01BCA SC. SOCIAL 687$e 01 0000079525 VMA A4(0002 v. 2$fB $h20220105$i20220105 977 $a 01$a BU 996 $aReato colposo$92567472 997 $aUNISANNIO LEADER 02108nam2 22004573i 450 001 VAN00274283 005 20240806101539.309 017 70$2N$a9783658327330 100 $a20240403d2021 |0itac50 ba 101 $aeng 102 $aDE 105 $a|||| ||||| 200 1 $aˆ1.: ‰Graphs, Games and Proofs$fSusanne Schindler-Tschirner, Werner Schindler 210 $aWiesbaden$cSpringer$d2021 215 $aix, 61 p.$cill.$d24 cm 410 1$1001VAN00246748$12001 $aEssentials$1210 $aWiesbaden$cSpringer$d2013- 461 1$1001VAN00274282$12001 $aMathematical Stories$eFor Gifted Students in Primary School$fSusanne Schindler-Tschirner, Werner Schindler$1210 $aWiesbaden$cSpringer$1215 $a2 volumi$cill.$d24 cm$v1 606 $a00-XX$xGeneral and overarching topics; collections [MSC 2020]$3VANC025238$2MF 606 $a97-XX$xMathematics education [MSC 2020]$3VANC023813$2MF 610 $aDirected graphs$9KW:K 610 $aGifted primary school students$9KW:K 610 $aMathematical games$9KW:K 610 $aMathematical proofs$9KW:K 610 $aMathematical tasks$9KW:K 610 $aMathematical techniques$9KW:K 610 $aMathematical thinking ability$9KW:K 610 $aMathematics study groups$9KW:K 610 $aUndirected graphs$9KW:K 620 $aDE$dWiesbaden$3VANL000457 700 1$aSchindler-Tschirner$bSusanne$3VANV226693$0851679 701 1$aSchindler$bWerner$3VANV040466$0451448 712 $aSpringer $3VANV108073$4650 790 1$aSchindler, W.$zSchindler, Werner$3VANV259181 801 $aIT$bSOL$c20260320$gRICA 856 4 $uhttps://doi.org/10.1007/978-3-658-32733-0$zE-book ? Accesso al full-text attraverso riconoscimento IP di Ateneo, proxy e/o Shibboleth 899 $aBIBLIOTECA DEL DIPARTIMENTO DI MATEMATICA E FISICA$1IT-CE0120$2VAN08 912 $fN 912 $aVAN00274283 950 $aBIBLIOTECA DEL DIPARTIMENTO DI MATEMATICA E FISICA$d08DLOAD e-book 8014 $e08eMF8014 20240410 996 $aGraphs, Games and Proofs$94163981 997 $aUNICAMPANIA